000 00279nam a22001337a 4500
008 170309b xxu||||| |||| 00| 0 eng d
020 _a0801616972
041 _aeng
080 _22nd
_a611
100 _a6
101 _ashm
245 _aPHYSIOLOGY
_cBERNE, R.M
942 _2udc
_cBK
999 _c7273
_d7273